Fases of Eternity (Record no. 1657)

MARC details
000 -CABECERA
campo de control de longitud fija 01012nam a2200229 a 4500
001 - NÚMERO DE CONTROL
campo de control BRCA_1880
005 - FECHA Y HORA DE LA ÚLTIMA TRANSACCIÓN
campo de control 20190320203603.0
008 - DATOS DE LONGITUD FIJA--INFORMACIÓN GENERAL
campo de control de longitud fija 130608s1991----nuya---###---#000-0#eng-#
020 ## - NÚMERO INTERNACIONAL ESTÁNDAR DEL LIBRO
Número Internacional Estándar del Libro 1879128039
050 #4 - SIGNATURA TOPOGRÁFICA DE LA BIBLIOTECA DEL CONGRESO
Número de clasificación E59.M3
Número de documento/Ítem .C68 1991
100 1# - ENTRADA PRINCIPAL--NOMBRE DE PERSONA
Nombre de persona Couch, N. C. Christopher
9 (RLIN) 5812
245 10 - MENCIÓN DE TÍTULO
Título Fases of Eternity
Resto del título Masks of the Pre-Columbian Americas
Mención de responsabilidad, etc. N.C. Christopher Couch.
260 ## - PUBLICACIÓN, DISTRIBUCIÓN, ETC.
Lugar de publicación, distribución, etc. New York
Nombre del editor, distribuidor, etc. Americas Society
Fecha de publicación, distribución, etc. 1991
300 ## - DESCRIPCIÓN FÍSICA
Extensión 79 p.
Otras características físicas il. (algunas a color)
Dimensiones 25 cm.
500 ## - NOTA GENERAL
Nota general Catálogo de la exposición realizada en Americas Society (Nueva York), 19 septiembre - 15 diciembre, 1991 y en el North Carolina Museum of Art (Raleigh, North Carolina), 19 mayo - 31 julio, 1992
504 ## - NOTA DE BIBLIOGRAFÍA, ETC.
Nota de bibliografía, etc. Bibliografía : p. 77-79
650 14 - PUNTO DE ACCESO ADICIONAL DE MATERIA--TÉRMINO DE MATERIA
Término de materia o nombre geográfico como elemento de entrada Marcas
Subdivisión de forma Exposiciones
Subdivisión geográfica América Central
9 (RLIN) 5813
650 14 - PUNTO DE ACCESO ADICIONAL DE MATERIA--TÉRMINO DE MATERIA
Término de materia o nombre geográfico como elemento de entrada Marcas
Subdivisión de forma Exposiciones
Subdivisión geográfica América del Norte
9 (RLIN) 5814
650 14 - PUNTO DE ACCESO ADICIONAL DE MATERIA--TÉRMINO DE MATERIA
Término de materia o nombre geográfico como elemento de entrada Marcas indígenas
Subdivisión de forma Exposiciones
Subdivisión geográfica América Central
9 (RLIN) 5815
650 14 - PUNTO DE ACCESO ADICIONAL DE MATERIA--TÉRMINO DE MATERIA
Término de materia o nombre geográfico como elemento de entrada Indígenas en América del Norte
Subdivisión de forma Exposiciones
Subdivisión general Marcas
9 (RLIN) 5816
942 ## - ELEMENTOS DE PUNTO DE ACCESO ADICIONAL (KOHA)
Fuente del sistema de clasificación o colocación Library of Congress Classification
Tipo de ítem Koha Libros
Holdings
Estado de retiro Estado de pérdida Estado dañado No para préstamo Localización permanente Ubicación/localización actual Fecha de adquisición Total de préstamos Signatura topográfica completa Código de barras Fecha visto por última vez Precio válido a partir de Tipo de ítem Koha
El ejemplar forma parte de la colección y puede ser consultado según las políticas vigentes.       Biblioteca del Museo Franz Mayer (Rogerio Casas-Alatriste) Biblioteca del Museo Franz Mayer (Rogerio Casas-Alatriste) 30/07/2008   E59.M3 .C68 1991 00192 22/03/2019 22/03/2019 Libros